000 00431pab a2200157 454500
008 180718b2001 xxu||||| |||| 00| 0 eng d
100 _aSivacoumar, R. et al.
245 _aAir pollution in stone crushing industry, and associated health effect
260 _c2001
300 _ap.169-73
362 _aOct
650 _aPollution
650 _aAir pollution
773 _aIndian Journal of Environmental Health
909 _a50704
999 _c50704
_d50704